[Event "Titled Tue 24th Jun Late"]
[Site "chess.com INT"]
[Date "2025.06.24"]
[Round "10"]
[White "Khoo-Thwe, Louis"]
[Black "Rajaram, Rohan"]
[Result "1/2-1/2"]
[WhiteTitle "CM"]
[BlackTitle "CM"]
[WhiteElo "2214"]
[BlackElo "2164"]
[WhiteFideId "1538756"]
[BlackFideId "30940729"]
[EventDate "2025.06.24"]

1. e4 e6 2. d4 d5 3. Nc3 dxe4 4. Nxe4 Nd7 5. g3 Be7 6. Bg2 Ngf6 7. Nxf6+ Nxf6 8.
Nf3 O-O 9. O-O c5 10. dxc5 Bxc5 11. Qxd8 Rxd8 12. Bg5 h6 13. Bxf6 gxf6 14. Rad1
Bd7 15. Nd2 Rab8 16. Ne4 Be7 17. b3 Bc6 18. Nc3 a6 19. Bxc6 bxc6 20. Ne4 f5 21.
Nd2 Rd5 22. Nc4 Rbd8 23. Ne3 Rd2 24. Rxd2 Rxd2 25. Rd1 Bb4 26. Rxd2 Bxd2 27. Nc4
Bc3 28. Kf1 Kf8 29. Ke2 Ke7 30. Kd3 Be1 31. f3 f6 32. a4 Bf2 33. Nd2 Bg1 34. Nf1
Kd6 35. Kc4 e5 36. h3 e4 37. fxe4 fxe4 38. Kc3 Bf2 39. Kd2 Ke5 40. Ke2 Bd4 41.
Ne3 f5 42. Nc4+ Ke6 43. Nd2 h5 44. g4 hxg4 45. hxg4 fxg4 46. Nxe4 Ke5 47. Kd3
Bb6 48. b4 Kf4 49. c4 g3 50. Nxg3 Kxg3 51. b5 c5 52. Ke4 Kf2 53. Kd5 axb5 54.
axb5 Ke3 55. Kc6 Bd8 56. b6 1/2-1/2

[Event "Titled Tue 24th Jun Late"]
[Site "chess.com INT"]
[Date "2025.06.24"]
[Round "10"]
[White "Shafer, Logan C"]
[Black "Venskaya, Nika"]
[Result "1-0"]
[WhiteTitle "CM"]
[BlackTitle "WCM"]
[WhiteElo "2217"]
[BlackElo "1926"]
[WhiteFideId "30993342"]
[BlackFideId "13523503"]
[EventDate "2025.06.24"]

1. e4 c5 2. Nc3 g6 3. h4 h5 4. d4 cxd4 5. Qxd4 Nf6 6. Be3 Nc6 7. Qd2 d6 8. f3
Bg7 9. O-O-O Be6 10. Nh3 Qa5 11. a3 O-O 12. Ng5 Ne5 13. Kb1 Rac8 14. Nd5 Qd8 15.
Nf4 Bc4 16. b3 Bxf1 17. Rhxf1 b5 18. Bd4 Nc6 19. Bb2 b4 20. a4 Na5 21. Qxb4 Qc7
22. Rf2 Rb8 23. Qd4 Rfc8 24. Nd5 Qb7 25. Ne3 Ne8 26. Qd5 Qxd5 27. Nxd5 Bxb2 28.
Kxb2 Rb7 29. f4 Rcb8 30. Ka2 Nc6 31. f5 Nb4+ 32. Nxb4 Rxb4 33. fxg6 fxg6 34. Rf7
R4b7 35. Rdf1 Nf6 36. R1xf6 exf6 37. Rxf6 Kg7 38. Rxd6 Re7 39. Ka3 Rb6 40. Rd5
Rc7 41. c4 Rf6 42. e5 Rfc6 43. Rd6 Rxd6 44. exd6 Rd7 45. c5 Kf6 46. c6 Rxd6 47.
Ne4+ Ke6 48. Nxd6 Kxd6 49. Kb4 Kxc6 50. Kc4 Kd6 51. Kd4 Kc6 52. b4 a6 53. Ke4
Kd6 54. Kf4 Kd5 55. b5 axb5 56. axb5 Kc5 57. Kg5 Kxb5 58. Kxg6 Kc4 59. Kxh5 1-0

[Event "Titled Tue 24th Jun Late"]
[Site "chess.com INT"]
[Date "2025.06.24"]
[Round "10"]
[White "Alvarez, Leandro"]
[Black "Burovic, Rijad"]
[Result "0-1"]
[BlackTitle "IM"]
[WhiteElo "2143"]
[BlackElo "2420"]
[WhiteFideId "132756"]
[BlackFideId "14407701"]
[EventDate "2025.06.24"]

1. e4 e6 2. d3 d5 3. Nd2 Nf6 4. Ngf3 Nc6 5. Be2 e5 6. c3 Bd6 7. O-O O-O 8. Re1
Re8 9. b4 Ne7 10. a3 Ng6 11. Bf1 c6 12. c4 h6 13. cxd5 cxd5 14. Bb2 d4 15. g3
Be6 16. Rc1 a5 17. bxa5 Rxa5 18. Nc4 Ra6 19. Nxd6 Qxd6 20. Nd2 b5 21. Qc2 Rb8
22. Qc7 Qxc7 23. Rxc7 b4 24. Ra1 Rba8 25. a4 Rxa4 26. Rxa4 Rxa4 27. Nc4 Ra2 28.
Bc1 Ng4 29. f3 Bxc4 30. Rxc4 Ne3 31. Bxe3 dxe3 32. Bg2 Ra1+ 33. Bf1 e2 34. Kf2
exf1=Q+ 35. Ke3 Qe1# 0-1

[Event "Titled Tue 24th Jun Late"]
[Site "chess.com INT"]
[Date "2025.06.24"]
[Round "10"]
[White "Sitbon, Itay"]
[Black "Mammadov, Sadig"]
[Result "0-1"]
[BlackTitle "IM"]
[WhiteElo "2206"]
[BlackElo "2395"]
[WhiteFideId "2820706"]
[BlackFideId "13408712"]
[EventDate "2025.06.24"]

1. e4 e6 2. Nf3 d5 3. e5 c5 4. b4 cxb4 5. a3 a6 6. axb4 Bxb4 7. Ba3 Bxa3 8. Nxa3
Bd7 9. Bd3 Nc6 10. O-O Nb4 11. Be2 Ne7 12. c3 Nbc6 13. c4 O-O 14. Bd3 Ng6 15.
Re1 Rc8 16. Qb1 Na5 17. cxd5 exd5 18. h4 Bg4 19. Ng5 Nc4 20. Nxc4 dxc4 21. Bxg6
hxg6 22. Qxb7 Qxd2 23. Qxa6 c3 24. Rac1 c2 25. e6 fxe6 26. f3 Bf5 27. Nxe6 Rfe8
28. Qa2 Kh8 29. Kh2 Bxe6 30. Rxe6 Qf4+ 31. g3 Qxc1 32. Rxg6 Qd2+ 33. Kh3 Qd7+
34. g4 c1=Q 35. Qg2 Rc2 36. h5 Rxg2 37. Kxg2 Qdd2+ 38. Kg3 Qg1+ 39. Kh4 Qgh2# 0-1

[Event "Titled Tue 24th Jun Late"]
[Site "chess.com INT"]
[Date "2025.06.24"]
[Round "10"]
[White "Pakleza, Zbigniew"]
[Black "Livaic, Leon"]
[Result "0-1"]
[WhiteTitle "GM"]
[BlackTitle "GM"]
[WhiteElo "2484"]
[BlackElo "2550"]
[WhiteFideId "1119290"]
[BlackFideId "14531534"]
[EventDate "2025.06.24"]

1. d4 Nf6 2. Nf3 b6 3. Bf4 Bb7 4. e3 e6 5. h3 c5 6. c3 cxd4 7. cxd4 Be7 8. Nc3
O-O 9. Bd3 a6 10. O-O d6 11. e4 Nc6 12. Rc1 Rc8 13. a3 b5 14. Bb1 Na5 15. Qe2
Qd7 16. Bg5 Nh5 17. Bxe7 Qxe7 18. g3 Nf6 19. e5 dxe5 20. dxe5 Nd5 21. Ne4 h6 22.
Nd6 Rxc1 23. Rxc1 Ba8 24. Qd3 f5 25. exf6 Nxf6 26. Ne5 Rd8 27. Ng6 Qd7 28. Rd1
Nc4 29. Ne7+ Qxe7 30. Nf5 Rxd3 31. Nxe7+ Kf7 32. Bxd3 Nxb2 33. Bg6+ Kxe7 34. Rc1
Nc4 35. a4 Be4 36. Bxe4 Nxe4 37. axb5 axb5 38. Rb1 Ned6 39. f4 Kd7 40. g4 Kc6
41. Kg2 Kc5 42. Re1 b4 43. Rxe6 b3 44. Re1 b2 45. f5 Nb5 46. h4 Nd4 47. Kg3 Ne2+
48. Kf3 Nc1 0-1

[Event "Titled Tue 24th Jun Late"]
[Site "chess.com INT"]
[Date "2025.06.24"]
[Round "10"]
[White "Maghsoodloo, Parham"]
[Black "Lazavik, Denis"]
[Result "1/2-1/2"]
[WhiteTitle "GM"]
[BlackTitle "GM"]
[WhiteElo "2691"]
[BlackElo "2580"]
[WhiteFideId "12539929"]
[BlackFideId "13515110"]
[EventDate "2025.06.24"]

1. c4 Nf6 2. Nc3 g6 3. d4 Bg7 4. e4 d6 5. h3 O-O 6. Be3 e5 7. d5 Na6 8. Nf3 Nh5
9. Nd2 Qe8 10. g3 f5 11. exf5 gxf5 12. Be2 Nf6 13. f4 exf4 14. Bxf4 Nh5 15. O-O
Nxf4 16. gxf4 Kh8 17. Kh2 Nc5 18. Nb3 Bd7 19. Nxc5 dxc5 20. Bd3 Rg8 21. Qf3 Qf7
22. Rae1 Bd4 23. Ne2 Bxb2 24. Rb1 Qf6 25. Ng3 b6 26. Rbe1 Rae8 27. Rxe8 Rxe8 28.
Rf2 Bd4 29. Re2 Rg8 30. Rg2 a5 31. Qh5 Qg6 32. Qf3 Qf7 33. Ne2 Rxg2+ 34. Qxg2
Bg7 35. Qg5 Bf6 36. Qh6 Be7 37. Ng3 Qg6 38. Qh5 Bd6 39. Qh4 Qf7 40. Qd8+ Kg7 41.
Qg5+ Qg6 42. Qh4 Qf7 43. Qg5+ Qg6 44. Qh4 Qf7 45. Qg5+ 1/2-1/2

[Event "Titled Tue 24th Jun Late"]
[Site "chess.com INT"]
[Date "2025.06.24"]
[Round "10"]
[White "Nalbandyan, Vahan"]
[Black "Fernandez, Maria Florencia"]
[Result "1-0"]
[WhiteTitle "CM"]
[BlackTitle "WIM"]
[WhiteElo "2155"]
[BlackElo "2163"]
[WhiteFideId "13309439"]
[BlackFideId "116459"]
[EventDate "2025.06.24"]

1. d4 Nf6 2. Nc3 d5 3. Bf4 c6 4. e3 g6 5. h4 h5 6. Nf3 Bg7 7. Be2 O-O 8. Ne5
Nbd7 9. Qd2 Nxe5 10. Bxe5 Ng4 11. Bxg7 Kxg7 12. f3 Nf6 13. O-O-O b5 14. Kb1 a5
15. Rhg1 Rh8 16. Bd3 Nd7 17. e4 e6 18. exd5 exd5 19. g4 Nb6 20. Ne2 hxg4 21.
fxg4 Rxh4 22. Rdf1 Nc4 23. Qf4 Qe7 24. Bxc4 bxc4 25. Nc3 Bd7 26. Na4 Re8 27. Nc5
Bc8 28. a3 Be6 29. Re1 Qf6 30. Qc7 Re7 31. Qd6 Rh8 32. c3 Rhe8 33. Ka1 Qf2 34.
Rgf1 Qc2 35. Qe5+ Kg8 36. Rh1 f6 37. Qxf6 Rg7 38. Nxe6 Rxe6 39. Qxe6+ Kf8 40.
Rh8+ 1-0

[Event "Titled Tue 24th Jun Late"]
[Site "chess.com INT"]
[Date "2025.06.24"]
[Round "10"]
[White "Cardozo Munar, Carlos Eduardo"]
[Black "Ladan, Nicholas"]
[Result "1-0"]
[WhiteTitle "FM"]
[WhiteElo "2052"]
[BlackElo "2218"]
[WhiteFideId "4409477"]
[BlackFideId "30918855"]
[EventDate "2025.06.24"]

1. e4 e5 2. Nf3 Nc6 3. Nc3 Nf6 4. Nxe5 Nxe5 5. d4 Ng6 6. e5 Bb4 7. exf6 Qxf6 8.
Bc4 c6 9. O-O d5 10. Re1+ Be6 11. Bd3 Qxd4 12. Rxe6+ Kf8 13. Bxg6 Qxd1+ 14. Nxd1
fxe6 15. Bd3 Ke7 16. c3 Bc5 17. Be3 Bxe3 18. Nxe3 Rhf8 19. a4 a5 20. f3 Kd6 21.
Bxh7 b5 22. axb5 cxb5 23. Bc2 Kc5 24. Kf2 a4 25. h4 Rfb8 26. h5 b4 27. Rxa4 Rxa4
28. Bxa4 bxc3 29. bxc3 Ra8 30. Bd7 e5 31. Bf5 d4 32. cxd4+ exd4 33. Nf1 Kc4 34.
Nd2+ Kc3 35. Ne4+ Kb4 36. g4 Ra2+ 37. Ke1 Rh2 38. Ng5 Kc3 39. Ne6 d3 40. Bxd3
Kxd3 41. Nxg7 Ke3 42. Kd1 Kxf3 43. g5 Kg4 44. g6 Kg5 45. Ne6+ Kh6 46. g7 Rg2 47.
Ke1 Rg4 48. Kf2 Kxh5 49. Kf3 1-0

[Event "Titled Tue 24th Jun Late"]
[Site "chess.com INT"]
[Date "2025.06.24"]
[Round "10"]
[White "Bogaudinov, Rushan"]
[Black "Deng, Henry"]
[Result "0-1"]
[WhiteTitle "FM"]
[BlackTitle "FM"]
[WhiteElo "1912"]
[BlackElo "2327"]
[WhiteFideId "4129288"]
[BlackFideId "30965454"]
[EventDate "2025.06.24"]

1. d4 d5 2. Nf3 Nf6 3. g3 c5 4. dxc5 Nc6 5. Bg2 e6 6. a3 Bxc5 7. b4 Bd6 8. Bb2
O-O 9. O-O e5 10. b5 e4 11. bxc6 exf3 12. cxb7 Bxb7 13. Bxf3 Rb8 14. Nd2 Qe7 15.
Nb3 Ba8 16. Bxf6 Qxf6 17. Bxd5 Rfd8 18. Bxa8 Be5 19. Be4 Rxd1 20. Raxd1 Rd8 21.
Bd3 h5 22. h4 g6 23. Nd2 Qe7 24. Nf3 Bc7 25. a4 Bb6 26. Kg2 Rc8 27. Rb1 Kg7 28.
Rb5 Qa3 29. a5 Bxa5 30. Rb7 Rc7 31. Rfb1 Qc5 32. R1b5 Qc3 33. Rb8 Bb6 34. Rd5
Re7 35. Ng5 Qc7 36. Rdd8 Qc6+ 37. e4 Bxd8 38. Rxd8 a5 39. Rd5 Ra7 40. Nf3 a4 41.
Nd4 Qb6 42. Nb5 a3 43. Nxa7 Qxa7 44. Bc4 a2 45. Bxa2 Qxa2 0-1

[Event "Titled Tue 24th Jun Late"]
[Site "chess.com INT"]
[Date "2025.06.24"]
[Round "10"]
[White "Bortnyk, Olexandr"]
[Black "Lysyj, Igor"]
[Result "1-0"]
[WhiteTitle "GM"]
[BlackTitle "GM"]
[WhiteElo "2601"]
[BlackElo "2582"]
[WhiteFideId "14120828"]
[BlackFideId "4150120"]
[EventDate "2025.06.24"]

1. d4 d5 2. Nc3 Nf6 3. Bf4 c5 4. e4 Nxe4 5. Nxe4 dxe4 6. dxc5 Qa5+ 7. c3 Qxc5 8.
Qa4+ Nc6 9. Qxe4 g6 10. Nf3 Bg7 11. Rd1 Bf5 12. Qa4 Qb6 13. Bb5 O-O 14. Be3 Qc7
15. O-O Ne5 16. Nxe5 Bxe5 17. h3 a6 18. Be2 Rfd8 19. Bf3 Be6 20. a3 Rxd1 21.
Rxd1 Rb8 22. Qh4 Bf6 23. Qb4 Be5 24. Bb6 Qc4 25. Qxe7 Kg7 26. Bd4 Bxd4 27. Rxd4
Qa2 28. Qc7 Re8 29. Qxb7 Bb3 30. Kh2 Qxb2 31. Bd5 Qxf2 32. Bxb3 Re3 33. Rd1 Rxc3
34. Kh1 h5 35. a4 Re3 36. Bc4 Re1+ 37. Rxe1 Qxe1+ 38. Kh2 Qe5+ 39. g3 Qf5 40.
Qb2+ Kh7 41. Bxa6 h4 42. Bb5 hxg3+ 43. Kxg3 1-0

[Event "Titled Tue 24th Jun Late"]
[Site "chess.com INT"]
[Date "2025.06.24"]
[Round "10"]
[White "Reshetnikov, Alexey"]
[Black "Jammalamadaka, Vihaan"]
[Result "1-0"]
[WhiteTitle "IM"]
[BlackTitle "CM"]
[WhiteElo "2492"]
[BlackElo "2018"]
[WhiteFideId "4162080"]
[BlackFideId "30977134"]
[EventDate "2025.06.24"]

1. d4 d5 2. c4 Bf5 3. cxd5 Bxb1 4. Qa4+ c6 5. Rxb1 Qxd5 6. Nf3 Nf6 7. e3 Nbd7 8.
a3 Qf5 9. Ra1 e5 10. dxe5 Nxe5 11. Nxe5 Qxe5 12. Be2 Bd6 13. Qc2 O-O 14. g3 Rad8
15. O-O h6 16. b3 Qxa1 17. Bb2 Qa2 18. Ra1 Qxa1+ 19. Bxa1 Bxa3 20. Bxf6 gxf6 21.
Qf5 Kg7 22. Bd3 Rxd3 23. Qxd3 Re8 24. Qd4 a6 25. Qg4+ Kf8 26. Qf4 Kg7 27. h4 Bb2
28. Qg4+ Kf8 29. Qd7 Re7 30. Qd8+ Re8 31. Qd6+ Re7 32. f4 a5 33. Kf2 Bc3 34. Kf3
Bb4 35. Qxf6 Re6 36. Qd8+ Kg7 37. Qd4+ f6 38. Qd7+ Re7 39. Qc8 Bc5 40. e4 Bb4
41. g4 c5 42. h5 b5 43. Qf5 a4 44. bxa4 bxa4 45. Qg6+ Kf8 46. Qxh6+ Ke8 47. Qh8+
Kd7 48. h6 a3 49. Qg8 Re6 50. h7 a2 51. h8=Q a1=Q 52. Qc8+ Ke7 53. Qhf8# 1-0

[Event "Titled Tue 24th Jun Late"]
[Site "chess.com INT"]
[Date "2025.06.24"]
[Round "10"]
[White "Fomevor, Cephas Clinton"]
[Black "Fedoryshyn, Ievgenii"]
[Result "0-1"]
[WhiteTitle "CM"]
[BlackTitle "FM"]
[WhiteElo "1883"]
[BlackElo "2278"]
[WhiteFideId "12601330"]
[BlackFideId "26095467"]
[EventDate "2025.06.24"]

1. d4 f5 2. c4 Nf6 3. Nc3 g6 4. Nf3 Bg7 5. g3 O-O 6. Bg2 d6 7. O-O c6 8. Re1 Qa5
9. e4 fxe4 10. Nxe4 Bf5 11. Nc3 Re8 12. Qb3 Qb6 13. Qxb6 axb6 14. a3 Na6 15. Bf4
Nh5 16. Be3 e5 17. dxe5 dxe5 18. Nh4 Bd3 19. Bxb6 Bxc4 20. Rad1 Re7 21. Ne4 Bd5
22. Nc3 Bb3 23. Rd2 Rae8 24. Rde2 Bf6 25. Nf3 Ng7 26. Nd2 Bf7 27. Nde4 Re6 28.
Bh3 Nf5 29. g4 Nh4 30. Re3 Bd8 31. Nc5 Bxb6 32. b4 Nxc5 33. bxc5 Bxc5 34. Re4
Nf3+ 35. Kg2 Nxe1+ 36. Rxe1 Bxa3 37. g5 R6e7 38. Ne4 Kg7 39. Nf6 Rd8 40. Rb1 b5
41. Rb3 b4 42. Re3 Rd2 43. Ne4 Bd5 0-1

[Event "Titled Tue 24th Jun Late"]
[Site "chess.com INT"]
[Date "2025.06.24"]
[Round "10"]
[White "Sanal, Vahap"]
[Black "Vasquez Schroeder, Rodrigo"]
[Result "1-0"]
[WhiteTitle "GM"]
[BlackTitle "GM"]
[WhiteElo "2564"]
[BlackElo "2446"]
[WhiteFideId "6300545"]
[BlackFideId "3400042"]
[EventDate "2025.06.24"]

1. e4 e6 2. d4 d5 3. e5 c5 4. c3 Nc6 5. Nf3 Bd7 6. Bd3 cxd4 7. cxd4 Nge7 8. Nc3
a6 9. O-O Ng6 10. Be3 Be7 11. Rc1 O-O 12. a3 Rc8 13. Re1 Na5 14. Nd2 b5 15. b4
Nc4 16. Nxc4 bxc4 17. Bc2 a5 18. Rb1 axb4 19. axb4 Rb8 20. b5 Qa5 21. Bd2 Bb4
22. Qf3 Bxb5 23. h4 h6 24. Qg3 Kh8 25. Ra1 Qd8 26. Reb1 Bc6 27. h5 Ne7 28. Ra7
Bxc3 29. Qxc3 Rxb1+ 30. Bxb1 Qb8 31. Qc2 Nf5 32. Ra3 c3 33. Bxc3 Rc8 34. g4 Ba4
35. Rxa4 Rxc3 36. Qxc3 Qxb1+ 37. Kh2 Nh4 38. Qg3 g5 39. hxg6 Nxg6 40. Qf3 Kg8
41. Ra8+ Nf8 42. Qa3 1-0

[Event "Titled Tue 24th Jun Late"]
[Site "chess.com INT"]
[Date "2025.06.24"]
[Round "10"]
[White "Caruana, Fabiano"]
[Black "Mishra, Abhimanyu"]
[Result "1/2-1/2"]
[WhiteTitle "GM"]
[BlackTitle "GM"]
[WhiteElo "2777"]
[BlackElo "2611"]
[WhiteFideId "2020009"]
[BlackFideId "30920019"]
[EventDate "2025.06.24"]

1. e4 e5 2. Nf3 Nc6 3. Nc3 Nf6 4. h3 Bb4 5. Bd3 d6 6. a3 Ba5 7. b4 Bb6 8. Na4
O-O 9. O-O Ne7 10. Re1 c6 11. Nxb6 axb6 12. Bf1 c5 13. c3 Re8 14. d4 Ng6 15. d5
Bd7 16. Bd2 Qc7 17. a4 Ra7 18. Qb3 Rea8 19. b5 h6 20. c4 Qd8 21. Ra3 Nh7 22. Qc2
Ng5 23. Nxg5 hxg5 24. Rea1 Qf6 25. g3 Nf8 26. Qc1 Nh7 27. a5 bxa5 28. Bxa5 g4
29. h4 Qg6 30. Bd3 Nf6 31. Be1 Rxa3 32. Rxa3 Rxa3 33. Qxa3 Nxe4 34. Qa8+ Kh7 35.
Qxb7 Bf5 36. Bf1 Nf6 37. Qa6 Bd3 38. Qa3 Bxf1 39. Kxf1 Qb1 40. Qe3 Ne4 41. Kg2
f5 42. h5 f4 43. gxf4 exf4 44. Qxf4 Qxe1 45. Qf5+ Kh8 46. Qc8+ Kh7 47. Qf5+ Kh8
48. Qc8+ Kh7 49. Qf5+ 1/2-1/2

[Event "Titled Tue 24th Jun Late"]
[Site "chess.com INT"]
[Date "2025.06.24"]
[Round "10"]
[White "Tikhonov, Viacheslav"]
[Black "Fadi, Marko"]
[Result "1-0"]
[WhiteTitle "CM"]
[BlackTitle "FM"]
[WhiteElo "2183"]
[BlackElo "2298"]
[WhiteFideId "44196407"]
[BlackFideId "10605371"]
[EventDate "2025.06.24"]

1. e4 e6 2. d4 d5 3. Nc3 Bb4 4. Ne2 dxe4 5. a3 Be7 6. Nxe4 Nf6 7. N2c3 Nbd7 8.
g3 O-O 9. Bg2 Rb8 10. O-O c5 11. Be3 cxd4 12. Qxd4 b6 13. Bf4 e5 14. Bxe5 Nxe5
15. Qxe5 Ba6 16. Rfd1 Qe8 17. Re1 Nxe4 18. Bxe4 Qd8 19. Rad1 Bf6 20. Bxh7+ Kxh7
21. Qh5+ Kg8 22. Rxd8 Rbxd8 23. Nd5 Rd6 24. Nc7 Bb7 25. Ne8 Rc6 26. c3 Bd8 27.
Qg4 g6 28. Qd7 Ba8 29. Qxd8 Bb7 30. Qd7 Ba8 31. Nc7 Bb7 32. Nd5 Ba8 33. Ne7+ Kg7
34. Nxc6 Rh8 35. Qd4+ Kh7 36. Qh4+ Kg7 37. Qxh8+ Kxh8 38. Re8+ Kg7 39. Rxa8 Kf6
40. Rxa7 Ke6 41. Rb7 Kd6 42. Rxf7 g5 43. Rf6+ Kc5 44. Rg6 b5 45. Rxg5+ Kc4 46.
Na5+ Kd3 47. Rxb5 Ke2 48. Rd5 Kf3 49. c4 Ke2 50. Kg2 Ke1 51. c5 Ke2 52. c6 Ke1
53. c7 Ke2 54. Nc6 Ke1 55. c8=Q Ke2 56. Qe8# 1-0

[Event "Titled Tue 24th Jun Late"]
[Site "chess.com INT"]
[Date "2025.06.24"]
[Round "10"]
[White "Tang, Austin"]
[Black "Makridis, Dimitrios"]
[Result "0-1"]
[BlackTitle "FM"]
[WhiteElo "1979"]
[BlackElo "2283"]
[WhiteFideId "30964580"]
[BlackFideId "25864475"]
[EventDate "2025.06.24"]

1. d4 d6 2. e4 Nf6 3. Nc3 e5 4. Nf3 exd4 5. Nxd4 Nc6 6. Nxc6 bxc6 7. Be2 g6 8.
O-O Bg7 9. Bg5 O-O 10. Qd2 Qe7 11. Bf3 Rb8 12. Rab1 Qe6 13. Bh6 Nd7 14. Bxg7
Kxg7 15. h3 Ba6 16. Rfe1 Ne5 17. Be2 Bxe2 18. Qxe2 Rb4 19. f4 Nd7 20. Qf2 Rfb8
21. Qxa7 Qc4 22. Qxc7 Qc5+ 23. Kh2 R4b7 24. Na4 Rxc7 25. Nxc5 Nxc5 26. e5 d5 27.
c4 d4 28. Red1 d3 29. b4 Ne6 30. Rxd3 Nxf4 31. Rd6 Ra7 32. Rb2 Rba8 33. Rdd2 Ne6
34. b5 cxb5 35. cxb5 Ra5 36. Kg1 Rb8 37. b6 Rxe5 38. Rd7 Ra5 39. b7 Kf8 40. Rc2
Rc5 41. Rf2 Nd8 42. a4 Ke8 43. Rd4 Rxb7 44. g4 Ne6 45. Re4 Rc1+ 46. Kg2 Rbb1 47.
h4 Rg1+ 48. Kf3 Kf8 49. Rc4 Kg7 50. g5 Rb3+ 51. Ke2 Rgg3 52. Kf1 Rb1+ 53. Ke2
Rb2+ 54. Kf1 Rxf2+ 55. Kxf2 Ra3 56. Kg2 h5 57. gxh6+ Kxh6 58. Kf2 Kh5 59. Kg2 f5
60. Kf2 f4 61. Kg2 Kg4 62. Kf2 Ra2+ 63. Kf1 Kg3 64. Rc6 f3 65. Rxe6 Ra1+ 66. Re1
Rxe1+ 67. Kxe1 Kg2 0-1

[Event "Titled Tue 24th Jun Late"]
[Site "chess.com INT"]
[Date "2025.06.24"]
[Round "10"]
[White "Askarov, Bakhtiyar"]
[Black "Vaganian, Rafael A"]
[Result "1-0"]
[WhiteTitle "IM"]
[BlackTitle "GM"]
[WhiteElo "2297"]
[BlackElo "2449"]
[WhiteFideId "13701100"]
[BlackFideId "13300016"]
[EventDate "2025.06.24"]

1. Nf3 Nf6 2. b3 d5 3. Bb2 Bg4 4. e3 e6 5. d4 c5 6. Nbd2 Nc6 7. h3 Bh5 8. a3
cxd4 9. exd4 Bd6 10. Be2 O-O 11. O-O Rc8 12. Re1 Qc7 13. c4 dxc4 14. bxc4 Rfd8
15. Nb3 Na5 16. Nxa5 Qxa5 17. Qb3 Qb6 18. Qxb6 axb6 19. Rec1 Bf4 20. Rc2 b5 21.
c5 b6 22. Bxb5 bxc5 23. Rxc5 Rxc5 24. dxc5 Rd5 25. a4 Rxc5 26. Rd1 Nd5 27. Bd4
Rc2 28. g4 Bg6 29. Ne5 f6 30. Nxg6 hxg6 31. Bd3 Ra2 32. Bxg6 Rxa4 33. Bc5 Rc4
34. Ra1 Rc1+ 35. Rxc1 Bxc1 36. h4 Nf4 37. Be8 Bb2 38. f3 Be5 39. h5 Bd4+ 40.
Bxd4 Ne2+ 41. Kf2 Nxd4 42. f4 Kf8 43. Bg6 Nc6 44. Be4 Ne7 45. Bd3 Nd5 46. Kf3
Kf7 47. Bc4 Ne7 48. f5 Nc6 49. Bxe6+ Ke7 50. Kf4 Ne5 51. g5 Nd3+ 52. Ke3 Nc5 53.
h6 1-0

[Event "Titled Tue 24th Jun Late"]
[Site "chess.com INT"]
[Date "2025.06.24"]
[Round "10"]
[White "Goncharov, Vladimir"]
[Black "Lugo, Blas"]
[Result "1-0"]
[BlackTitle "IM"]
[WhiteElo "2077"]
[BlackElo "2399"]
[WhiteFideId "34162256"]
[BlackFideId "2011263"]
[EventDate "2025.06.24"]

1. d4 d5 2. c4 c6 3. Nf3 Nf6 4. Qc2 e6 5. g3 dxc4 6. Bg2 b5 7. O-O Bb7 8. b3
cxb3 9. axb3 Nbd7 10. Ne5 Nxe5 11. dxe5 Nd5 12. Rd1 Qc7 13. Bb2 Bb4 14. Nd2 O-O
15. Ne4 c5 16. Nd6 Bc6 17. Qd3 a6 18. Rdc1 f5 19. e4 fxe4 20. Bxe4 g6 21. Bg2
Qb6 22. Qe2 a5 23. Ne4 a4 24. bxa4 Rxa4 25. Rxa4 bxa4 26. h4 a3 27. Ba1 Bb5 28.
Qg4 Rf5 29. Nd6 Bd3 30. Nxf5 Bxf5 31. Qc4 Qc6 32. Qxb4 Nxb4 33. Bxc6 Nxc6 34.
Rxc5 Nb4 35. Ra5 Nc2 36. Bc3 Bd3 37. Ra7 Bc4 38. g4 a2 39. h5 Kf8 40. Kg2 gxh5
41. gxh5 h6 42. Kg3 Ke8 43. Kf4 Kd8 44. Rh7 a1=Q 45. Bxa1 Nxa1 46. Rxh6 Nb3 47.
Rg6 Nc5 48. h6 Nd3+ 49. Ke4 Nxf2+ 50. Kd4 Bd3 51. Rg2 Bg6 52. Rxg6 Ke7 53. h7 1-0

[Event "Titled Tue 24th Jun Late"]
[Site "chess.com INT"]
[Date "2025.06.24"]
[Round "10"]
[White "Amburgy, Ryan"]
[Black "Demchenko, Anton"]
[Result "0-1"]
[WhiteTitle "FM"]
[BlackTitle "GM"]
[WhiteElo "2332"]
[BlackElo "2619"]
[WhiteFideId "30924820"]
[BlackFideId "4160258"]
[EventDate "2025.06.24"]

1. d4 Nf6 2. c4 d6 3. Nf3 Nc6 4. d5 Ne5 5. Nxe5 dxe5 6. g3 e6 7. Bg2 exd5 8.
cxd5 Bc5 9. O-O h6 10. Nd2 O-O 11. Nb3 Bd6 12. e4 a5 13. a4 Bd7 14. h3 Qe7 15.
Be3 Nh7 16. Nd2 b5 17. b3 Rfb8 18. Qc2 Rb7 19. axb5 Bxb5 20. Nc4 Bxc4 21. Qxc4
Nf6 22. Ra4 Rb4 23. Qc2 Qd7 24. Rc1 Rxa4 25. bxa4 Rb8 26. Bf1 Rb4 27. Qc6 Qxc6
28. Rxc6 Rxa4 29. f3 Ra1 30. Kf2 a4 31. Ra6 Ra2+ 32. Kg1 a3 33. g4 Nd7 34. Bb5
Nc5 35. Ra8+ Kh7 36. h4 g6 37. g5 h5 38. Kf1 Kg7 39. Be2 Nb3 40. Bc4 Rb2 41.
Bxb3 Rxb3 42. Ke2 Rb2+ 43. Kd3 Rh2 44. f4 Rxh4 45. f5 Rh3 46. f6+ Kh7 47. Ke2 h4
48. Bf2 Rh2 49. Kf3 h3 50. Be3 Rb2 51. Bf2 Rb3+ 52. Be3 Bc5 53. Kg4 Rxe3 0-1

[Event "Titled Tue 24th Jun Late"]
[Site "chess.com INT"]
[Date "2025.06.24"]
[Round "10"]
[White "Fernandez Bustamante, Leancy B."]
[Black "Mizzi, Jack"]
[Result "0-1"]
[WhiteTitle "WFM"]
[BlackTitle "CM"]
[WhiteElo "2130"]
[BlackElo "2107"]
[WhiteFideId "3523870"]
[BlackFideId "5602521"]
[EventDate "2025.06.24"]

1. e4 c6 2. d4 d5 3. exd5 cxd5 4. Bd3 Nc6 5. c3 Qc7 6. h3 Nf6 7. Nf3 g6 8. O-O
Bg7 9. Re1 O-O 10. Nbd2 Bf5 11. Nf1 Rfe8 12. Ne5 Bxd3 13. Qxd3 Ne4 14. Bf4 Nxe5
15. Bxe5 Bxe5 16. dxe5 e6 17. Ng3 f5 18. exf6 Nxf6 19. Rad1 e5 20. h4 Rad8 21.
h5 Kf7 22. Qf3 e4 23. Qe3 b6 24. Qh6 Qc5 25. Rd4 Rg8 26. Qf4 g5 27. Qf5 Qc8 28.
Red1 Qxf5 29. Nxf5 Ke6 30. Ne3 Nxh5 31. Nxd5 Ke5 32. Ne7 Rde8 33. Nxg8 Rxg8 34.
Rd5+ Ke6 35. Rd6+ Kf5 36. R1d5+ Kg4 37. Rd4 Re8 38. f3+ Kf4 39. Rxe4+ Rxe4 40.
fxe4 Kxe4 41. Rd7 Nf6 42. Rxa7 h5 43. a4 Kd3 44. Rb7 Nd5 45. Rd7 Kc4 46. b3+ Kc5
47. c4 Nf4 48. Rg7 g4 49. Rg5+ Kc6 50. g3 Nh3+ 51. Kg2 Nxg5 52. Kf2 Ne4+ 53. Ke3
Nxg3 54. Kf4 Ne2+ 55. Ke3 Nc1 56. b4 Na2 57. b5+ Kc5 58. Kf4 Nc3 59. Kg3 Nxa4
60. Kh4 Nb2 61. Kg3 Nxc4 62. Kh4 Nd6 63. Kxh5 g3 64. Kh4 g2 65. Kh3 g1=Q 0-1